00381nam a2200109Ia 4500008004100000082000800041100002200049245008100071942000600152952009800158999001500256240331s9999 xx 000 0 und d bSAN aSanthirasekaran,S 0aHigh education in Sri Lanka development and problems of University education cL 001040708LaWERCLbWERCLcSSCd2024-03-31l0o 370.59 SANp6520r2024-03-31w2024-03-31yL c4565d4565